000 00818nam a2200265 a 4500
001 42784
003 (BD-RjUL)
005 20211209053606.0
008 790412s1936 enk b 000 0 eng
035 _a(BD-RjUL)42902
040 _aDLC
_cAFU
_dOCL
_dEQO
_dBD-RjUL
_beng
041 _aeng
082 _a330.1
_223
_bWIA 1936
100 1 _aWien-Claudi, Franz.
_9131483
245 1 0 _aAustrian theories of capital, interest, and the trade-cycle /
_cby Franz Wien-Claudi ...
260 _aLondon :
_bS. Nott,
_c1936
300 _avi, 176 p. ;
_c22 cm.
504 _a"Bibliography of the main authors consulted": p. 175-176.
650 0 _aCapital.
_9131484
650 0 _aUsury.
_9131190
650 0 _aBusiness cycles.
_9130599
650 0 _aEconomics
_zAustria
_xHistory.
_9131485
942 _2ddc
_cBK
999 _c42784
_d42784